[Event "26th EUR-ch"]
[Site "Katowice POL"]
[Date "2026.04.13"]
[Round "6.65"]
[White "Holtel, Jasper"]
[Black "Pultinevicius, Paulius"]
[Result "0-1"]
[WhiteElo "2370"]
[BlackElo "2562"]
[EventDate "2026.04.07"]
[PlyCount "84"]

1.c4 e6 2.g3 Nf6 3.Bg2 d5 4.Nf3 d4 5.O-O c5 6.e3 Nc6 7.exd4 cxd4 8.d3 Bc5 
9.Bg5 h6 10.Bxf6 gxf6 11.Na3 Kf8 12.Nc2 a5 13.b3 e5 14.a3 Kg7 15.Re1 Re8 
16.Kh1 Bd7 17.Nh4 f5 18.f4 Be7 19.Nf3 exf4 20.gxf4 Qc7 21.Ne5 Nxe5 22.fxe5
Bg5 23.Nxd4 Rxe5 24.Rxe5 Qxe5 25.Nf3 Qc3 26.Nxg5 hxg5 27.Rc1 Qb2 28.Bxb7 
Rh8 29.Rc2 Qxb3 30.Bd5 f6 31.Qd2 g4 32.Rb2 Qxa3 33.Rb7 Qd6 34.Kg1 Kg6 35.
Qf2 Rh3 36.d4 a4 37.Ra7 a3 38.Ra8 Be6 39.Bxe6 Qxe6 40.d5 Qe5 41.Qd2 Rb3 
42.Qc1 Rb2 0-1

[Event "26th EUR-ch"]
[Site "Katowice POL"]
[Date "2026.04.13"]
[Round "6.66"]
[White "Warmerdam, Max"]
[Black "Godart, Francois"]
[Result "1-0"]
[WhiteElo "2545"]
[BlackElo "2369"]
[EventDate "2026.04.07"]
[PlyCount "105"]

1.e4 e6 2.d4 d5 3.Nc3 Nf6 4.e5 Nfd7 5.f4 c5 6.dxc5 Nc6 7.Bd2 a6 8.Nf3 Bxc5
9.Bd3 h6 10.Qe2 b5 11.Nd1 Qb6 12.Ne3 O-O 13.O-O b4 14.Kh1 a5 15.f5 Bxe3 
16.Bxe3 d4 17.Bxh6 exf5 18.e6 Nf6 19.exf7+ Rxf7 20.Bf4 Ba6 21.Qe6 Re8 22.
Qxf5 Ne7 23.Qh3 Bxd3 24.cxd3 Nfd5 25.Be5 Qh6 26.Qxh6 gxh6 27.Bxd4 Nc6 28.
Bg1 Re2 29.Rac1 Nde7 30.Rf2 Rxf2 31.Bxf2 Ne5 32.Nxe5 Rxf2 33.Nc4 Nc6 34.
Kg1 Re2 35.Kf1 Nd4 36.Re1 Rc2 37.Re4 b3 38.axb3 Nxb3 39.Re2 Rc1+ 40.Kf2 
Nd4 41.Re4 Rc2+ 42.Ke3 Nb3 43.Rg4+ Kf7 44.h4 a4 45.Rf4+ Ke6 46.Rf2 Rc1 47.
Nb6 Rh1 48.g3 Rg1 49.Rf3 Re1+ 50.Kf4 Ra1 51.Kg4 a3 52.bxa3 Rxa3 53.d4 1-0

[Event "26th EUR-ch"]
[Site "Katowice POL"]
[Date "2026.04.13"]
[Round "6.67"]
[White "Mkrtchian, Mariam"]
[Black "Laurent-Paoli, Pierre"]
[Result "1/2-1/2"]
[WhiteElo "2368"]
[BlackElo "2542"]
[EventDate "2026.04.07"]
[PlyCount "73"]

1.d4 Nf6 2.c4 e6 3.Nf3 d5 4.Nc3 c6 5.e3 Nbd7 6.Qc2 Bd6 7.Bd3 dxc4 8.Bxc4 
c5 9.O-O a6 10.a4 Qc7 11.Qe2 b6 12.d5 Ne5 13.Nxe5 Bxe5 14.dxe6 Bxe6 15.
Bxe6 fxe6 16.f4 Bxc3 17.bxc3 c4 18.Ba3 O-O-O 19.e4 Qc6 20.Rf3 Qxa4 21.e5 
Nd5 22.f5 exf5 23.Rxf5 Rhe8 24.Rf7 Rd7 25.Rxd7 Qxd7 26.Qxc4+ Kb7 27.Bd6 
Qb5 28.Qe4 Qc6 29.Qxh7 Qxc3 30.Qxg7+ Re7 31.Bxe7 Qd4+ 32.Kf1 Qd3+ 33.Kf2 
Qe3+ 34.Kf1 Qd3+ 35.Kg1 Qd4+ 36.Kf1 Qd3+ 37.Kg1 1/2-1/2

[Event "26th EUR-ch"]
[Site "Katowice POL"]
[Date "2026.04.13"]
[Round "6.68"]
[White "Razafindratsima, Timothe"]
[Black "Kaczmarek, Aleksander"]
[Result "1-0"]
[WhiteElo "2537"]
[BlackElo "2340"]
[EventDate "2026.04.07"]
[PlyCount "75"]

1.d4 d5 2.Nf3 Nd7 3.e3 Ngf6 4.Bd3 e6 5.Nbd2 Be7 6.b3 O-O 7.Bb2 c5 8.O-O b6
9.Ne5 Bb7 10.f4 Qc7 11.Qe2 Rac8 12.Rac1 Ne4 13.Nxe4 dxe4 14.Bb5 Nxe5 15.
dxe5 a6 16.Bxa6 Bxa6 17.Qxa6 Ra8 18.Qe2 Rxa2 19.Bc3 Qc6 20.g4 b5 21.f5 b4 
22.f6 Bd8 23.Be1 Qd5 24.Qg2 Bb6 25.fxg7 Rd8 26.Bh4 Rd7 27.Qe2 Qd2 28.Qb5 
Bd8 29.Qxc5 Kxg7 30.Bxd8 Rxd8 31.Qe7 Qxe3+ 32.Kh1 Rf8 33.Rcd1 Qh6 34.Rf6 
Qe3 35.Rdf1 Ra7 36.Rxf7+ Rxf7 37.Rxf7+ Kg6 38.Qf6# 1-0

[Event "26th EUR-ch"]
[Site "Katowice POL"]
[Date "2026.04.13"]
[Round "6.69"]
[White "Vogel, Roven"]
[Black "Prazak, Daniel"]
[Result "1-0"]
[WhiteElo "2524"]
[BlackElo "2339"]
[EventDate "2026.04.07"]
[PlyCount "87"]

1.Nf3 d5 2.d4 Nf6 3.c4 c6 4.e3 Bf5 5.Nc3 e6 6.Nh4 Be4 7.f3 Bg6 8.Qb3 Qc7 
9.Bd2 a5 10.c5 Be7 11.Nxg6 hxg6 12.O-O-O Nbd7 13.Na4 O-O 14.Be1 Bd8 15.Kb1
b6 16.cxb6 Nxb6 17.Rc1 Qb7 18.Bd3 Nfd7 19.Bg3 Be7 20.h4 Rfc8 21.h5 g5 22.
h6 g6 23.Nc5 Qa7 24.Qc2 Kh7 25.Nxe6 fxe6 26.Bxg6+ Kh8 27.Bf7 Bf6 28.Bxe6 
Nf8 29.Bxc8 Rxc8 30.h7 Bg7 31.Qf5 Qe7 32.Rh5 Ne6 33.Be5 Nd7 34.Bxg7+ Nxg7 
35.Qxg5 Qb4 36.Rhh1 Rb8 37.Rc2 Qd6 38.Rh6 Qb4 39.Rhxc6 Nf8 40.Qxd5 Kxh7 
41.g4 Qe1+ 42.Rc1 Qh4 43.g5 Ng6 44.Rxg6 1-0

[Event "26th EUR-ch"]
[Site "Katowice POL"]
[Date "2026.04.13"]
[Round "6.70"]
[White "Goroskov, Maksim"]
[Black "Olszewski, Michal"]
[Result "0-1"]
[WhiteElo "2364"]
[BlackElo "2516"]
[EventDate "2026.04.07"]
[PlyCount "94"]

1.e4 c5 2.c3 Nf6 3.e5 Nd5 4.Bc4 Nb6 5.Bb3 c4 6.Bc2 Nc6 7.Nf3 Qc7 8.Qe2 g5 
9.h3 Bg7 10.e6 dxe6 11.Nxg5 Qe5 12.d4 cxd3 13.Bxd3 Qxe2+ 14.Bxe2 e5 15.Be3
Nd5 16.Bc4 Nxe3 17.fxe3 e6 18.Rf1 Nd8 19.Ne4 f5 20.Nd6+ Ke7 21.Nxc8+ Rxc8 
22.Bb3 Nf7 23.Nd2 Nd6 24.g4 h5 25.gxf5 Nxf5 26.e4 Ng3 27.Rf3 h4 28.O-O-O 
Bh6 29.Kc2 Rcd8 30.Nc4 Rxd1 31.Kxd1 Rd8+ 32.Ke1 Bf4 33.Bc2 Nh5 34.Rd3 Rg8 
35.Ba4 Nf6 36.Na5 Rg1+ 37.Kf2 Rb1 38.Nc4 Nxe4+ 39.Kf3 Ng5+ 40.Kg2 Re1 41.
Rd7+ Kf6 42.Nd6 e4 43.Ne8+ Kg6 44.Rxb7 Be3 45.Rg7+ Kh6 46.Rxg5 Kxg5 47.Nd6
Kf4 0-1

[Event "26th EUR-ch"]
[Site "Katowice POL"]
[Date "2026.04.13"]
[Round "6.71"]
[White "Nasuta, Grzegorz"]
[Black "Luczak, Filip"]
[Result "1-0"]
[WhiteElo "2506"]
[BlackElo "2362"]
[EventDate "2026.04.07"]
[PlyCount "71"]

1.e4 d6 2.d4 Nf6 3.Nc3 e5 4.Nf3 Nbd7 5.a4 Be7 6.a5 O-O 7.Be2 exd4 8.Nxd4 
Nc5 9.Bf3 c6 10.O-O d5 11.exd5 cxd5 12.Nde2 Bf5 13.Nf4 d4 14.Ncd5 Rc8 15.
Nxe7+ Qxe7 16.b4 Ncd7 17.Bxb7 Rc4 18.Nd3 Bxd3 19.cxd3 Rc7 20.a6 Rd8 21.Bf4
Rc3 22.Rb1 Nb6 23.Re1 Qd7 24.Qf3 Qf5 25.Be5 Qg6 26.Qg3 Na4 27.Qxg6 hxg6 
28.Red1 Ng4 29.Bg3 f6 30.Be4 Ne5 31.Bxe5 fxe5 32.Bxg6 Rd6 33.Be8 Rxa6 34.
Bb5 Rcc6 35.Bxa6 Rxa6 36.Ra1 1-0

[Event "26th EUR-ch"]
[Site "Katowice POL"]
[Date "2026.04.13"]
[Round "6.72"]
[White "Perossa, Nicolas"]
[Black "Psyk, Radoslaw"]
[Result "1/2-1/2"]
[WhiteElo "2362"]
[BlackElo "2501"]
[EventDate "2026.04.07"]
[PlyCount "91"]

1.e4 c5 2.Nf3 e6 3.g3 Nc6 4.Bg2 Nf6 5.Nc3 d5 6.exd5 exd5 7.d4 cxd4 8.Nxd4 
Bg4 9.Nde2 Bb4 10.O-O Bxc3 11.bxc3 O-O 12.Bg5 h6 13.Bxf6 Qxf6 14.h3 Be6 
15.Rb1 Rab8 16.Re1 g5 17.Nd4 Nxd4 18.cxd4 b6 19.Re5 Rbc8 20.Rb3 Qg6 21.c3 
Rfe8 22.Kh2 Bf5 23.Ra3 Rxe5 24.dxe5 Be4 25.Rxa7 Bxg2 26.Kxg2 Qe4+ 27.Qf3 
Rxc3 28.Qxe4 dxe4 29.Ra6 Rc2 30.Kf1 Rb2 31.Ra4 b5 32.Ra7 b4 33.Rb7 Kf8 34.
Ra7 h5 35.h4 gxh4 36.gxh4 e3 37.fxe3 Rh2 38.Ra4 Rxh4 39.a3 Re4 40.Kf2 Rxe5
41.Rxb4 Ra5 42.a4 Kg7 43.Kf3 Kg6 44.e4 f6 45.Kf4 Ra8 46.Rc4 1/2-1/2

[Event "26th EUR-ch"]
[Site "Katowice POL"]
[Date "2026.04.13"]
[Round "6.73"]
[White "Cieslak, Patryk"]
[Black "Unat, Can Haktan"]
[Result "1-0"]
[WhiteElo "2495"]
[BlackElo "2333"]
[EventDate "2026.04.07"]
[PlyCount "223"]

1.e4 c5 2.Nf3 e6 3.d4 cxd4 4.Nxd4 Nf6 5.Nc3 Nc6 6.Nxc6 bxc6 7.e5 Nd5 8.Ne4
Bb7 9.c4 Nb4 10.Bg5 Qc7 11.Nd6+ Bxd6 12.exd6 Qa5 13.Bd2 Qe5+ 14.Be2 c5 15.
Bc3 Qg5 16.Bf3 Bxf3 17.Qxf3 O-O 18.h4 Qh6 19.Bd2 Qg6 20.Bxb4 cxb4 21.Rc1 
e5 22.c5 e4 23.Qh3 f5 24.O-O a5 25.Rc4 Rae8 26.Re1 Re6 27.a3 bxa3 28.bxa3 
Qf7 29.Ra4 Rg6 30.Rxa5 f4 31.Rxe4 f3 32.g3 Qd5 33.Raa4 Qxc5 34.Rf4 Rb8 35.
Rab4 Rxb4 36.axb4 Qxd6 37.Rxf3 Qxb4 38.Qxd7 Qe1+ 39.Kg2 h6 40.h5 Re6 41.
Qf7+ Kh8 42.Qf8+ Kh7 43.Qf5+ Kg8 44.Qf8+ Kh7 45.Rf7 Qe4+ 46.Kh2 Qe5 47.
Rxg7+ Qxg7 48.Qf5+ Kh8 49.Qxe6 Qf8 50.Kg1 Kg7 51.Qg4+ Kh8 52.Qd4+ Kh7 53.
Qe4+ Kg7 54.Kg2 Kh8 55.Qf3 Qd6 56.Qa8+ Kg7 57.Qe4 Qd2 58.Qg4+ Kh8 59.Qc8+ 
Kg7 60.Qf5 Qc1 61.Qe5+ Kh7 62.Qe7+ Kg8 63.Qe8+ Kg7 64.Qg6+ Kh8 65.Qf6+ Kh7
66.Qf7+ Kh8 67.Qf4 Qc6+ 68.Kh2 Kg7 69.g4 Qd5 70.Qc7+ Kh8 71.Qb8+ Kg7 72.
Qf4 Qc6 73.Qd4+ Kh7 74.Qd3+ Kh8 75.Qd4+ Kh7 76.Kg3 Qc7+ 77.Kf3 Qc1 78.Qe4+
Kg7 79.Qe7+ Kg8 80.Qd8+ Kg7 81.Qd4+ Kh7 82.Ke4 Qc6+ 83.Qd5 Qc2+ 84.Qd3 Qc1
85.Kf5 Kg7 86.Qd7+ Kf8 87.Qd8+ Kg7 88.Qe7+ Kg8 89.Kg6 Qc2+ 90.Kxh6 Qc6+ 
91.Kg5 Qd5+ 92.Kf4 Qd4+ 93.Kg3 Kh8 94.Qe8+ Kh7 95.Qg6+ Kh8 96.Qh6+ Kg8 97.
Qg5+ Kh8 98.Qe3 Qd6+ 99.Kg2 Qd5+ 100.Qf3 Qf7 101.Qc3+ Kh7 102.Qd3+ Kg7 
103.Qd4+ Kh7 104.Qe4+ Kg7 105.Qg6+ Kh8 106.Qh6+ Kg8 107.Qg5+ Kh7 108.h6 
Qb7+ 109.f3 Qb2+ 110.Kh3 Qc3 111.Qg7+ Qxg7 112.hxg7 1-0

[Event "26th EUR-ch"]
[Site "Katowice POL"]
[Date "2026.04.13"]
[Round "6.74"]
[White "Bettalli, Francesco"]
[Black "Macias Pino, Diego"]
[Result "1-0"]
[WhiteElo "2358"]
[BlackElo "2495"]
[EventDate "2026.04.07"]
[PlyCount "141"]

1.e4 c5 2.Nf3 d6 3.d4 cxd4 4.Nxd4 Nf6 5.Nc3 a6 6.Nb3 e6 7.g4 b5 8.a3 Bb7 
9.Qe2 Nc6 10.Bf4 Nd7 11.O-O-O Qc7 12.h4 Nce5 13.Rh3 Be7 14.g5 O-O 15.Bh2 
Rfe8 16.f4 Nc4 17.h5 Bf8 18.Qg4 Rac8 19.Kb1 Ndb6 20.g6 Na4 21.Bxc4 bxc4 
22.Nd2 Nxc3+ 23.Rxc3 d5 24.Nf3 h6 25.f5 Qe7 26.f6 Qxf6 27.Be5 Qe7 28.gxf7+
Qxf7 29.Nh4 dxe4 30.Ng6 Rc5 31.Rg3 e3 32.Rxe3 Qf5 33.Qe2 Qg5 34.Rg3 Rxe5 
35.Qxe5 Qxe5 36.Nxe5 Bd5 37.Nd7 Be7 38.Nb6 Be4 39.Nxc4 Rc8 40.b3 Rc5 41.
Re3 Bf5 42.Re5 Rc6 43.Rd2 Kh7 44.Ra5 Be4 45.Re2 Bd5 46.Ne5 Rd6 47.c4 Bb7 
48.Kc2 Bd8 49.Nf7 Bxa5 50.Nxd6 Bf3 51.Re5 Bc7 52.c5 Bd5 53.Rxd5 exd5 54.
Ne8 Be5 55.c6 g6 56.c7 Bxc7 57.Nxc7 gxh5 58.Nxa6 h4 59.Nc5 h3 60.Nd3 h2 
61.Nf2 Kg6 62.a4 Kf5 63.a5 Kf4 64.a6 Kf3 65.Nh1 Kg2 66.a7 Kxh1 67.a8=Q Kg1
68.Qa1+ Kg2 69.Qg7+ Kf1 70.Qxh6 Kg1 71.Kd3 1-0

[Event "26th EUR-ch"]
[Site "Katowice POL"]
[Date "2026.04.13"]
[Round "6.75"]
[White "Suleymanli, Suleyman"]
[Black "Licznerski, Lukasz"]
[Result "1-0"]
[WhiteElo "2348"]
[BlackElo "2486"]
[EventDate "2026.04.07"]
[PlyCount "116"]

1.Nf3 Nf6 2.d4 g6 3.g3 Bg7 4.Bg2 d5 5.O-O O-O 6.c4 dxc4 7.Na3 c3 8.bxc3 c5
9.Re1 Nc6 10.Bb2 Qb6 11.Nc4 Qb5 12.Qb3 Qa6 13.Nce5 Nd7 14.Nxc6 bxc6 15.Qa3
Rb8 16.e3 Rb5 17.Nd2 e5 18.Nb3 Qb7 19.dxc5 e4 20.c4 Bxb2 21.Qxb2 Rxc5 22.
Qd4 Rh5 23.Qxe4 Ne5 24.Nd4 Qc7 25.f4 Ng4 26.h3 Nf6 27.Qxc6 Qe7 28.Rab1 
Bxh3 29.Rb7 Qd8 30.Rxa7 Bxg2 31.Qxg2 Qc8 32.Nc6 Kg7 33.Rb1 Qe6 34.Ne5 Ng4 
35.Qd5 Qxd5 36.cxd5 Nxe5 37.fxe5 Rxe5 38.Rd1 Rxe3 39.Kf2 Rc3 40.d6 Rd8 41.
a4 Kf6 42.a5 Ke6 43.d7 Ra3 44.g4 f6 45.a6 h5 46.gxh5 gxh5 47.Rd4 Ke5 48.
Rc4 Ke6 49.Rc1 Kd6 50.Re1 h4 51.Kg2 Rg3+ 52.Kh2 Ra3 53.Re2 f5 54.Re1 f4 
55.Re4 Kc6 56.Re6+ Kc5 57.Re8 Ra2+ 58.Kh3 Kd5 1-0

[Event "26th EUR-ch"]
[Site "Katowice POL"]
[Date "2026.04.13"]
[Round "6.76"]
[White "Talibov, Shiroghlan"]
[Black "Brzezina, Piotr"]
[Result "1-0"]
[WhiteElo "2482"]
[BlackElo "2327"]
[EventDate "2026.04.07"]
[PlyCount "111"]

1.e4 e5 2.Nf3 Nc6 3.Bb5 a6 4.Ba4 Bc5 5.c3 Nge7 6.d4 exd4 7.Nxd4 O-O 8.O-O 
Ba7 9.Be3 Nxd4 10.Bxd4 Bxd4 11.Qxd4 Nc6 12.Qd3 d6 13.Nd2 Kh8 14.f4 f5 15.
Bxc6 bxc6 16.Rae1 Rb8 17.b4 a5 18.a3 axb4 19.cxb4 Rb5 20.Qc4 Ba6 21.Rf2 
Qa8 22.Qc3 c5 23.exf5 cxb4 24.axb4 Rbxf5 25.Qxc7 Qd5 26.Qc3 h6 27.Re7 R5f6
28.h3 Rg6 29.Qf3 Qd4 30.Qe4 Qf6 31.Re8 Rg3 32.Nf3 Rxe8 33.Qxe8+ Kh7 34.
Qe4+ Rg6 35.Nd4 Qf7 36.f5 Rf6 37.Ne6 Bb7 38.Qd4 Bc8 39.Qd3 Qa7 40.Qd4 Qe7 
41.Qe4 Qa7 42.Nd4 Bb7 43.Qf4 Bd5 44.Kh2 Qb6 45.b5 Qc5 46.Rc2 Qa7 47.Qg4 
Qb8 48.Re2 Qb7 49.Re3 Qa7 50.b6 Qb7 51.Ne6 Qf7 52.Rc3 Bxe6 53.fxe6 Qe8 54.
b7 Qb8 55.Qe4+ g6 56.Rc8 1-0

[Event "26th EUR-ch"]
[Site "Katowice POL"]
[Date "2026.04.13"]
[Round "6.77"]
[White "Bronstein, Or"]
[Black "Qalichava, Akaki"]
[Result "1-0"]
[WhiteElo "2481"]
[BlackElo "2322"]
[EventDate "2026.04.07"]
[PlyCount "65"]

1.e4 c5 2.Nf3 e6 3.d4 cxd4 4.Nxd4 Nc6 5.Nc3 Qc7 6.Be3 a6 7.Bd3 b5 8.Nxc6 
dxc6 9.a4 Bb7 10.O-O Nf6 11.Qe2 Bb4 12.f4 Nd7 13.Qh5 Rd8 14.Kh1 Be7 15.e5 
g6 16.Qh6 Bf8 17.Qh3 b4 18.Ne4 c5 19.Ng5 Be7 20.Bxg6 fxg6 21.Nxe6 Qc6 22.
Rad1 Nb6 23.Nxd8 Bxd8 24.Rd6 Qe4 25.Bxc5 O-O 26.Bxb6 Bxb6 27.Rxb6 Rxf4 28.
Rf6 Rh4 29.Rf8+ Kg7 30.Qd7+ Kh6 31.Qd2+ Kh5 32.Re1 Qc6 33.Rf7 1-0

[Event "26th EUR-ch"]
[Site "Katowice POL"]
[Date "2026.04.13"]
[Round "6.78"]
[White "Babazada, Khazar"]
[Black "Zakin, Ilay"]
[Result "1/2-1/2"]
[WhiteElo "2480"]
[BlackElo "2330"]
[EventDate "2026.04.07"]
[PlyCount "57"]

1.e4 c5 2.c3 d5 3.exd5 Qxd5 4.d4 Nf6 5.Nf3 e6 6.Na3 a6 7.Nc4 Nbd7 8.a4 b6 
9.Be2 Bb7 10.O-O cxd4 11.Qxd4 Bc5 12.Qh4 Qe4 13.Qxe4 Nxe4 14.Be3 Bxe3 15.
Nxe3 Nd6 16.Rfd1 Ke7 17.Ng5 Rhc8 18.Rd4 Nc5 19.Rad1 Rd8 20.Rb4 h6 21.Nf3 
Bxf3 22.Bxf3 Rab8 23.h4 a5 24.Rg4 g6 25.Rgd4 Nb3 26.R4d3 Nc5 27.Rd4 Nb3 
28.R4d3 Nc5 29.Rd4 1/2-1/2

[Event "26th EUR-ch"]
[Site "Katowice POL"]
[Date "2026.04.13"]
[Round "6.79"]
[White "Olsen, Filip Boe"]
[Black "Gibala, Adam"]
[Result "1/2-1/2"]
[WhiteElo "2474"]
[BlackElo "2317"]
[EventDate "2026.04.07"]
[PlyCount "81"]

1.d4 Nf6 2.Nf3 g6 3.c4 Bg7 4.g3 O-O 5.Bg2 d6 6.Nc3 c5 7.dxc5 dxc5 8.Ne5 
Qxd1+ 9.Nxd1 Nbd7 10.Nd3 Ng4 11.f4 Nb6 12.h3 Nh6 13.Be3 Nxc4 14.Bxc5 Bf5 
15.e4 Rfd8 16.Ke2 Bd7 17.Rc1 Bb5 18.a4 Ba6 19.Nb4 Rd2+ 20.Kf3 Nxb2 21.Nxa6
Nd3 22.Be3 Rxg2 23.Kxg2 Nxc1 24.Bxc1 bxa6 25.Be3 Rb8 26.Nf2 Rb4 27.Rc1 Bd4
28.Bxd4 Rxd4 29.a5 Ra4 30.Rc7 Kf8 31.Nd3 Rxa5 32.Rxa7 Ng8 33.e5 h5 34.Nb4 
Rb5 35.Nxa6 Rb2+ 36.Kf3 Rb3+ 37.Kg2 h4 38.gxh4 Nh6 39.Nc5 Rb2+ 40.Kf3 Rh2 
41.Ke4 1/2-1/2

[Event "26th EUR-ch"]
[Site "Katowice POL"]
[Date "2026.04.13"]
[Round "6.80"]
[White "Dubnevych, Maksym"]
[Black "Akbas, Umut Ata"]
[Result "1/2-1/2"]
[WhiteElo "2341"]
[BlackElo "2470"]
[EventDate "2026.04.07"]
[PlyCount "65"]

1.d4 Nf6 2.c4 e6 3.Nf3 Bb4+ 4.Nc3 b6 5.Qb3 a5 6.g3 Qe7 7.Bg2 Bb7 8.O-O 
Bxc3 9.Qxc3 d6 10.Re1 Nbd7 11.Bg5 h6 12.Bxf6 Nxf6 13.Nd2 Bxg2 14.Kxg2 O-O 
15.e4 e5 16.dxe5 dxe5 17.Nf3 Rfe8 18.Rad1 Qb4 19.Rd3 Qxc3 20.Rxc3 Nd7 21.
Rd3 Nc5 22.Rd5 f6 23.Nh4 Kf7 24.Kf3 g6 25.b3 Re7 26.Ke3 Ne6 27.Red1 Nd4 
28.Nf3 Nc2+ 29.Ke2 Nb4 30.R5d2 c5 31.a3 Nc6 32.Rd6 Rc8 33.a4 1/2-1/2

[Event "26th EUR-ch"]
[Site "Katowice POL"]
[Date "2026.04.13"]
[Round "6.81"]
[White "Haring, Filip"]
[Black "Kejna, Piotr"]
[Result "1-0"]
[WhiteElo "2461"]
[BlackElo "2311"]
[EventDate "2026.04.07"]
[PlyCount "55"]

1.e4 c5 2.Nf3 d6 3.d4 cxd4 4.Nxd4 Nf6 5.Nc3 Nc6 6.Bg5 Bd7 7.Qd2 Rc8 8.
O-O-O Nxd4 9.Qxd4 Qa5 10.h4 e5 11.Qd3 Ng4 12.Be3 h5 13.Kb1 Be7 14.Nd5 Nxe3
15.Nxe3 Be6 16.a3 g6 17.g3 a6 18.Bh3 Rc6 19.f4 Qc5 20.Bxe6 fxe6 21.f5 gxf5
22.exf5 Rg8 23.fxe6 Rxg3 24.Qh7 Qxe3 25.Rhf1 Kd8 26.Rf8+ Kc7 27.Qxe7+ Kb6 
28.Rb8 1-0

[Event "26th EUR-ch"]
[Site "Katowice POL"]
[Date "2026.04.13"]
[Round "6.82"]
[White "Hrbek, Stepan"]
[Black "Balaji, Aaravamudhan"]
[Result "1-0"]
[WhiteElo "2460"]
[BlackElo "2301"]
[EventDate "2026.04.07"]
[PlyCount "57"]

1.e4 e5 2.Nf3 Nc6 3.Bc4 Nf6 4.d3 Be7 5.O-O O-O 6.Nc3 d6 7.a4 Bg4 8.h3 Bxf3
9.Qxf3 Nd4 10.Qd1 c6 11.Ba2 Ne6 12.Be3 Qc7 13.Qf3 b6 14.Ne2 Rad8 15.Ng3 d5
16.Nf5 Kh8 17.Rfe1 Rfe8 18.h4 Qd7 19.c3 Ng8 20.Rad1 Bf6 21.g3 Ne7 22.Nh6 
Ng8 23.Ng4 h5 24.Nxe5 Bxe5 25.Qxh5+ Nh6 26.Bxh6 gxh6 27.Qxe5+ Ng7 28.Qf4 
Kh7 29.d4 1-0

[Event "26th EUR-ch"]
[Site "Katowice POL"]
[Date "2026.04.13"]
[Round "6.83"]
[White "Csiki, Endre"]
[Black "Druska, Juraj"]
[Result "1/2-1/2"]
[WhiteElo "2339"]
[BlackElo "2458"]
[EventDate "2026.04.07"]
[PlyCount "96"]

1.Nf3 Nf6 2.g3 b5 3.Bg2 Bb7 4.O-O e6 5.d3 c5 6.e4 d6 7.a4 b4 8.a5 Be7 9.c3
bxc3 10.bxc3 O-O 11.Nbd2 Nbd7 12.a6 Bc6 13.Nc4 Rb8 14.Bf4 e5 15.Na5 Ba8 
16.Bg5 h6 17.Bd2 d5 18.Re1 dxe4 19.dxe4 Qc7 20.Nh4 c4 21.Nf5 Nc5 22.Nxc4 
Rfd8 23.Nxe7+ Qxe7 24.Qc2 Qe6 25.Na5 Bxe4 26.Rxe4 Nfxe4 27.Be3 f5 28.Bxc5 
Nxc5 29.Nc6 e4 30.Nxd8 Rxd8 31.h4 Nd3 32.Qa2 Kf7 33.g4 g6 34.h5 Qxa2 35.
hxg6+ Kxg6 36.Rxa2 Ne5 37.gxf5+ Kxf5 38.Re2 Rd1+ 39.Kh2 Ng4+ 40.Kg3 Rd3+ 
41.Kh4 Nf6 42.Rb2 Rxc3 43.Rb5+ Ke6 44.Rb7 Rc2 45.Kg3 Nh5+ 46.Kh4 Nf6 47.
Kg3 Nh5+ 48.Kh4 Nf6 1/2-1/2

[Event "26th EUR-ch"]
[Site "Katowice POL"]
[Date "2026.04.13"]
[Round "6.84"]
[White "Papakonstantinou, Dimitrios"]
[Black "Tudor, Henry Edward"]
[Result "1-0"]
[WhiteElo "2338"]
[BlackElo "2457"]
[EventDate "2026.04.07"]
[PlyCount "179"]

1.e4 c5 2.Nf3 d6 3.d4 cxd4 4.Nxd4 Nf6 5.Nc3 a6 6.Be2 e5 7.Nb3 Be7 8.g4 h6 
9.h4 Be6 10.Be3 Nbd7 11.Rg1 Nh7 12.Rh1 Nhf6 13.Rg1 Nh7 14.Rh1 Bxh4 15.Qxd6
Be7 16.Qd3 Bg5 17.O-O-O Bxe3+ 18.fxe3 O-O 19.Nd5 Rc8 20.Kb1 Ndf6 21.c4 
Nxg4 22.Rdf1 Ngf6 23.Nd2 b5 24.Qa3 bxc4 25.Nxc4 Nxd5 26.Rd1 Qg5 27.Rhg1 
Qh4 28.exd5 Bf5+ 29.e4 Bxe4+ 30.Ka1 Qf2 31.Bd3 Bxd3 32.Qxd3 Qf6 33.Rdf1 
Qe7 34.Ne3 Ng5 35.Nf5 Qd7 36.d6 Rfe8 37.Rxg5 hxg5 38.Qh3 Qc6 39.a3 Rcd8 
40.Rh1 Qxh1+ 41.Qxh1 g6 42.Ne7+ Kg7 43.Qc6 g4 44.Qc5 Rxe7 45.dxe7 Re8 46.
Qxe5+ f6 47.Qe6 g3 48.Qg4 Rxe7 49.Qxg3 f5 50.Qd6 Rf7 51.Qf4 Kf6 52.Qh6 Re7
53.Kb1 Re4 54.Kc2 f4 55.Kd2 Kf5 56.Qh3+ Kf6 57.b4 Re3 58.Qh6 Kf5 59.a4 Ra3
60.Qf8+ Kg4 61.Qc8+ Kg3 62.Qg8 Kf2 63.a5 f3 64.Qxg6 Ra2+ 65.Kc3 Ra3+ 66.
Kb2 Re3 67.Qb6 Ke2 68.Qxa6+ Ke1 69.Qh6 Ke2 70.Qh5 Ke1 71.Qg5 Ke2 72.Qg4 
Ke1 73.Qf4 Ke2 74.Qc4+ Ke1 75.Qd4 Re2+ 76.Kc1 Re8 77.a6 Rc8+ 78.Kb2 Re8 
79.Qc3+ Ke2 80.Kc2 Rd8 81.Qe5+ Kf1 82.a7 f2 83.b5 Rc8+ 84.Kd2 Kg2 85.Qg5+ 
Kf3 86.Qf5+ Kg3 87.b6 Rd8+ 88.Kc2 Rc8+ 89.Kb2 Rc5 90.Qd3+ 1-0

[Event "26th EUR-ch"]
[Site "Katowice POL"]
[Date "2026.04.13"]
[Round "6.85"]
[White "Baerwinkel, Tobias"]
[Black "Palczert, Matyas"]
[Result "0-1"]
[WhiteElo "2323"]
[BlackElo "2457"]
[EventDate "2026.04.07"]
[PlyCount "48"]

1.e4 c6 2.d4 d5 3.e5 c5 4.c3 Nc6 5.Be2 Bf5 6.Nf3 e6 7.O-O a6 8.Be3 Qb6 9.
Nh4 Be4 10.Nd2 Be7 11.Nhf3 Bg6 12.Qa4 Nh6 13.dxc5 Bxc5 14.Bxh6 gxh6 15.b4 
Be7 16.b5 Qa5 17.Qf4 axb5 18.Rab1 Bxb1 19.Rxb1 Qxc3 20.Rxb5 Bg5 21.Nxg5 
hxg5 22.Qxg5 Qxe5 23.Qg4 h5 24.Qf3 Nd4 0-1

[Event "26th EUR-ch"]
[Site "Katowice POL"]
[Date "2026.04.13"]
[Round "6.86"]
[White "Zawadzka, Jolanta"]
[Black "Kolosowski, Mateusz"]
[Result "0-1"]
[WhiteElo "2324"]
[BlackElo "2444"]
[EventDate "2026.04.07"]
[PlyCount "126"]

1.e4 d5 2.exd5 Qxd5 3.Nc3 Qd6 4.d4 Nf6 5.Nf3 Nc6 6.Nb5 Qd8 7.c4 Bg4 8.Be2 
a6 9.Nc3 Bxf3 10.Bxf3 Nxd4 11.Bxb7 Rb8 12.Bd5 e5 13.O-O Bd6 14.Be3 O-O 15.
g3 Nxd5 16.cxd5 Nf5 17.Qe2 Qf6 18.b3 Rb4 19.Rad1 Qg6 20.Kh1 h5 21.f3 a5 
22.Ne4 a4 23.Bc5 Bxc5 24.Nxc5 axb3 25.Qe1 Rc4 26.Nxb3 Re8 27.Qf2 Ra8 28.
Rd2 Qg5 29.Re1 h4 30.g4 Nd6 31.Qe3 Qxe3 32.Rxe3 f6 33.Kg2 Ra3 34.Ree2 Kf7 
35.Rc2 Ke7 36.Kf2 Ra7 37.h3 Rxc2 38.Rxc2 Nf7 39.Nc5 Ng5 40.Ke3 Ra3+ 41.Nb3
Ra7 42.f4 exf4+ 43.Kxf4 Nxh3+ 44.Kf5 Kd6 45.Kg6 Nf4+ 46.Kxg7 Nxd5 47.Kg6 
Ra8 48.Nd4 Rg8+ 49.Kh5 Rh8+ 50.Kg6 h3 51.Nf3 Rg8+ 52.Kh5 c5 53.Kh4 Rh8+ 
54.Kg3 Ne3 55.Rd2+ Kc6 56.Rf2 c4 57.Kf4 Nd5+ 58.Ke4 Kc5 59.Rh2 Re8+ 60.Kf5
c3 61.Rxh3 Re3 62.Ng1 c2 63.Rh8 Ne7+ 0-1

[Event "26th EUR-ch"]
[Site "Katowice POL"]
[Date "2026.04.13"]
[Round "6.87"]
[White "Prokofiev, Valentyn"]
[Black "Noy, Eyal"]
[Result "1/2-1/2"]
[WhiteElo "2433"]
[BlackElo "2300"]
[EventDate "2026.04.07"]
[PlyCount "91"]

1.c4 e6 2.Nf3 d5 3.e3 Nf6 4.b3 Be7 5.Bb2 c5 6.cxd5 exd5 7.Be2 Nc6 8.O-O d4
9.exd4 cxd4 10.Bb5 O-O 11.Bxc6 bxc6 12.Nxd4 Qd5 13.Qf3 Bd7 14.Na3 c5 15.
Rfe1 Rfe8 16.Qxd5 Nxd5 17.Ndc2 a5 18.Ne3 Nb4 19.Bc3 Nd3 20.Reb1 Be6 21.
Nac4 Ra6 22.Nxa5 Rea8 23.Nac4 Rxa2 24.Rxa2 Rxa2 25.g3 f5 26.f4 g5 27.Rf1 
gxf4 28.gxf4 Ra8 29.Rf3 Nc1 30.Be5 Nxb3 31.Nxf5 Bxc4 32.Nxe7+ Kf7 33.Nf5 
Nxd2 34.Rh3 Ne4 35.Ng3 Bd3 36.Rxh7+ Ke6 37.Nxe4 Bxe4 38.Rc7 Kd5 39.h4 Ra2 
40.Rg7 Bf3 41.Rg5 Ke4 42.Bc7 Ra1+ 43.Kf2 Ra2+ 44.Kg1 Ra1+ 45.Kf2 Ra2+ 46.
Kg1 1/2-1/2

[Event "26th EUR-ch"]
[Site "Katowice POL"]
[Date "2026.04.13"]
[Round "6.88"]
[White "Kucza, Karol"]
[Black "Tulchynskyi, Feliks"]
[Result "1/2-1/2"]
[WhiteElo "2319"]
[BlackElo "2432"]
[EventDate "2026.04.07"]
[PlyCount "119"]

1.e4 e6 2.d4 d5 3.Nc3 Nf6 4.e5 Nfd7 5.f4 c5 6.Nf3 Nc6 7.Be3 a6 8.Qd2 b5 9.
dxc5 Bxc5 10.Bd3 Qb6 11.Bf2 h6 12.O-O Bxf2+ 13.Qxf2 Qxf2+ 14.Rxf2 g5 15.g3
Rg8 16.Kf1 Ke7 17.a3 gxf4 18.gxf4 f6 19.exf6+ Nxf6 20.Re1 Kd6 21.Ne5 Ra7 
22.Bxb5 axb5 23.Nxb5+ Kc5 24.Nxa7 Nxa7 25.Rg2 Rf8 26.Rg7 Nb5 27.Rf7 Rxf7 
28.Nxf7 Nh5 29.Nxh6 Nxf4 30.Ng4 Nd4 31.Re3 Ba6+ 32.Kf2 Kd6 33.Rc3 e5 34.a4
e4 35.b4 Nf5 36.b5 Bb7 37.Ne3 Nxe3 38.Kxe3 Ne6 39.Kd2 d4 40.Rg3 e3+ 41.Kd1
Nf4 42.c3 e2+ 43.Kd2 d3 44.h4 Kc5 45.h5 Ng2 46.Rg5+ Kc4 47.Rxg2 Bxg2 48.h6
Be4 49.b6 e1=Q+ 50.Kxe1 Kxc3 51.h7 d2+ 52.Kf2 Bxh7 53.b7 d1=Q 54.b8=Q Qd4+
55.Kg3 Be4 56.Qf4 Qxa4 57.Qe3+ Bd3 58.Qc5+ Kb2 59.Qb6+ Ka2 60.Qf2+ 1/2-1/2

[Event "26th EUR-ch"]
[Site "Katowice POL"]
[Date "2026.04.13"]
[Round "6.89"]
[White "David, Alexandru-Vasile"]
[Black "Besou, Hussain"]
[Result "1-0"]
[WhiteElo "2314"]
[BlackElo "2427"]
[EventDate "2026.04.07"]
[PlyCount "71"]

1.d4 Nf6 2.c4 e6 3.Nc3 d5 4.Bg5 c6 5.cxd5 exd5 6.e3 h6 7.Bh4 Be7 8.Bd3 O-O
9.Nge2 Re8 10.Qc2 a5 11.h3 Na6 12.a3 Nc7 13.Bg3 Ne6 14.O-O Ng5 15.Be5 Bf8 
16.Ng3 Nd7 17.f4 Ne6 18.Qf2 Nf6 19.Rae1 Nc7 20.Bb1 Nd7 21.Nh5 Re6 22.Qc2 
Rg6 23.Qf2 Re6 24.Qg3 Nxe5 25.dxe5 Kh8 26.f5 Re8 27.f6 g6 28.Nf4 g5 29.Nh5
Nb5 30.Qf2 Nxc3 31.bxc3 Rxe5 32.Qc2 Re4 33.Ng3 Qe8 34.Nxe4 dxe4 35.Rd1 Bc5
36.Qxe4 1-0